[Event "Budapest FS04 GM-A"]
[Site "Budapest"]
[Date "2002.04.08"]
[Round "7"]
[White "Hoang, Thanh Trang"]
[Black "Flumbort, Andras"]
[Result "0-1"]
[WhiteElo "2426"]
[BlackElo "2414"]
[Annotator "Ftacnik,L"]
[PlyCount "64"]
[EventDate "2002.04.02"]
[EventType "tourn"]
[EventRounds "13"]
[EventCountry "HUN"]
[EventCategory "9"]
[SourceTitle "CBM 089"]
[Source "ChessBase"]
[SourceDate "2002.08.12"]
[SourceVersion "1"]
[SourceVersionDate "2002.08.12"]
[SourceQuality "1"]

1. d4 Nf6 2. c4 g6 3. Nc3 d5 4. Nf3 Bg7 5. Qb3 dxc4 6. Qxc4 O-O 7. e4 Na6 8.
Be2 c5 9. d5 e6 10. O-O exd5 11. exd5 Bf5 12. Bf4 Nd7 13. Rad1 Nb6 14. Qb3 {
White wants to keep an eye on his d5 passed pawn.} (14. Qb5 Rc8 15. d6 Re8 16.
Bg5 Qd7 17. a4 c4 18. Nd4 Rc5 19. Qxd7 Bxd7 20. Be7 Ra5 21. Bf3 Nc5 22. Nd5
Nbxa4 {1/2-1/2 Avrukh,B-Van Wely,L/Amsterdam 2001/ (46)}) 14... Nb4 15. Rd2 Nd3
$6 (15... Bxc3 $2 16. bxc3 N4xd5 17. Bh6 Re8 18. c4 Rxe2 19. Rxe2 $18) (15...
Re8 $5) 16. Bg5 Qd7 17. Nh4 $2 {[%mdl 8192] If white will not succeed in
changing the bishop f5 this antipositional move will bacfire.} (17. d6 $1 c4 (
17... Qxd6 $2 18. Bxd3 Bxd3 19. Ne4 c4 20. Nxd6 cxb3 21. Rxd3 bxa2 22. Ra1 $18)
18. Qa3 f6 19. Be3 Rfd8 20. Nd4 Nc8 (20... Qxd6 21. Qxd6 Rxd6 22. Nxf5 gxf5 23.
b3 $16) 21. Nxf5 Qxf5 22. Bxd3 cxd3 23. Qb3+ Kh8 24. Rfd1 Nxd6 25. Rxd3 $16)
17... c4 18. Qc2 (18. Qb5 Qxb5 19. Nxb5 Be4 20. Be7 Rfe8 21. d6 Nxb2 22. Nc7 c3
23. Nxe8 cxd2 $17) 18... Nb4 19. Qd1 Bd3 $1 20. Nf3 (20. a3 Bxc3 21. bxc3 Bxe2
22. Qxe2 N4xd5 23. Qf3 $15) 20... Rfe8 21. Re1 (21. d6 Qxd6 22. a3 Bxc3 23.
bxc3 N6d5 $1 24. cxb4 Rxe2 25. Rxe2 Nc3 $19) 21... N6xd5 22. Nxd5 Qxd5 23. Qa4
(23. a3 Bxe2 24. Rexe2 Nd3 $17) 23... c3 $1 {Flumbort dominates the board, so
he can affort to look for the immediate punishment of his opponent.} (23... a5
24. Red1 Qf5 $19) 24. bxc3 (24. Rdd1 c2 25. Rd2 Qb5 26. Qxb5 Bxb5 27. a3 Rac8
$19) (24. Qxb4 cxd2 25. Qxd2 Be4 $19) 24... Bxc3 25. Red1 Bxd2 26. Bxd3 (26.
Rxd2 Rxe2 $19) 26... Nxd3 27. Rxd2 (27. Bxd2 Nb2 $19) 27... Qxg5 $1 28. Rxd3 (
28. Nxg5 Re1#) 28... Qf6 29. h4 Rad8 30. Rxd8 Rxd8 31. Qxa7 Rd1+ 32. Kh2 Qf4+
0-1

[Event "FIDE-Wch k.o."]
[Site "New Delhi/Teheran"]
[Date "2000.11.30"]
[Round "2.1"]
[White "Sasikiran, Krishnan"]
[Black "Van Wely, Loek"]
[Result "0-1"]
[WhiteElo "2573"]
[BlackElo "2643"]
[Annotator "Ftacnik,L"]
[PlyCount "114"]
[EventDate "2000.11.27"]
[EventType "k.o."]
[EventRounds "7"]
[EventCountry "IND"]
[SourceTitle "CBM 081"]
[Source "ChessBase"]
[SourceDate "2001.03.20"]
[SourceVersion "1"]
[SourceVersionDate "2001.03.20"]
[SourceQuality "1"]

1. d4 Nf6 2. c4 g6 3. Nc3 d5 4. Nf3 Bg7 5. Qb3 dxc4 6. Qxc4 O-O 7. e4 Na6 8.
Be2 c5 9. d5 e6 10. O-O exd5 11. exd5 Bf5 12. Be3 Qb6 13. b3 Rfe8 14. Rad1 Rad8
15. h3 Qa5 16. Bd3 Bxd3 17. Rxd3 Nd7 (17... b5 $5 18. Qxb5 Qxb5 19. Nxb5 Nxd5
20. Bg5 (20. Rfd1 Nab4 21. R3d2 Rb8 22. Nd6 Nxe3 23. fxe3 Rxe3 $15) 20... f6
21. Bd2 Nab4 22. Bxb4 Nxb4 23. Rxd8 Rxd8 24. a3 Nc6 25. Rc1 Bf8 $11) 18. Bg5
Rc8 19. Qb5 (19. Bd2 $2 Nb4 20. Re3 Nb6 $17) 19... Qxb5 20. Nxb5 Bf8 21. a3 {
[%mdl 256] Suddenly black pawn a7 is very weak, black has to defend creatively.
} (21. Nxa7 Ra8 22. Nb5 Nb4 23. Rd2 Rxa2 24. Rxa2 Nxa2 25. Bd2 $14) 21... Nc7
22. Nxa7 (22. Nxc7 Rxc7 23. Bf4 Rcc8 24. Rfd1 b5 $13) 22... Ra8 23. d6 Ne6 (
23... Rxa7 $2 24. dxc7 $18) 24. Nb5 Nxg5 25. Nxg5 Ra5 26. a4 (26. Nc7 Re2 27.
Nf3 Rxa3 $11) 26... c4 27. bxc4 (27. Rc3 cxb3 28. Rc7 Rd8 29. Rb1 Rxa4 30. Rxb3
h6 $11) 27... Rxa4 28. Rc3 (28. Rc1 Rc8 29. Rd4 Rb4 30. Nc7 Bxd6 31. Nd5 Rb2
32. Ne3 Be7 33. Nxf7 Nc5 $14) (28. Rd4 Bg7 (28... Rc8 $2 29. Nc7 Ne5 30. d7 Rd8
31. Rfd1 Rxc4 32. Rxc4 Nxc4 33. Nge6 fxe6 34. Nxe6 Be7 35. Nxd8 Bxd8 36. Re1
$18) 29. Rf4 Ne5 30. Re4 Rxc4 31. Rxc4 Nxc4 $14) 28... Rc8 29. Rfc1 Rb4 30. f4
(30. Nf3 Bg7 31. Nfd4 Nb6 32. Re1 Kf8 33. Rf3 Bxd4 34. Nxd4 Rbxc4 35. Ne6+ Kg8
36. Ng5 $14) 30... Bg7 31. R3c2 (31. Re3 Rxb5 32. Re7 h6 33. Nf3 Nf6 34. d7
Nxd7 35. Rxd7 Rb4 $11) 31... Bb2 32. Re1 (32. Rb1 $2 Bd4+ 33. Nxd4 Rxb1+ $17)
32... Rxb5 33. Re7 $2 {White is missing the suitable moment to make draw,
black is suddenly much better.} (33. cxb5 Rxc2 34. Re7 Nf6 35. Nxf7 (35. d7
Bd4+ 36. Kh2 Bb6 37. Re8+ Kg7 38. d8=Q Bxd8 39. Rxd8 Rb2 $17) 35... Bd4+ 36.
Kh2 Rd2 37. Rxb7 Bc5 38. Nh6+ $11) 33... Bd4+ 34. Kh2 Rxg5 (34... Nf8 35. d7
Nxd7 36. Rxd7 Be3 37. g3 $16) 35. fxg5 (35. Rxd7 $2 Rgc5 36. Rxb7 Rd8 37. d7
Kf8 $19) 35... Rd8 36. Rd2 Bc5 37. Rd5 b6 38. g3 Kf8 39. Re2 (39. Kg2 Bxd6 40.
Re4 Nc5 41. Red4 Ke7 42. Rd2 Bc7 $17) 39... Nb8 40. Red2 Rd7 {White will not
be able to defend both c4 and d6 pawns.} 41. Ra2 (41. Kg2 Nc6 42. Kf3 Na5 43.
Rc2 Rxd6 $17) 41... Nc6 42. Ra8+ Rd8 (42... Kg7 43. Rc8 Nb4 44. Re5 Bxd6 45.
Ree8 f5 46. Rg8+ Kf7 47. Rh8 Ke6 48. Rce8+ Re7 49. Rxe7+ Bxe7 50. h4 Nd3 51.
Rxh7 Ne5 $17) 43. Rxd8+ Nxd8 44. Kg2 Nb7 45. d7 Ke7 46. Re5+ (46. Kf3 Nd6 $17)
46... Kxd7 47. Re4 Nd6 48. Rh4 Be3 $1 49. Rxh7 Bxg5 50. h4 Bf6 51. g4 Ke6 52.
g5 (52. h5 Nxc4 $1 53. h6 Ke7 54. Kf3 Kf8 $19) 52... Be5 53. Kf3 Nxc4 54. h5 (
54. Ke2 b5 $19) 54... gxh5 55. Rxh5 Kf5 56. Rh7 Nd6 57. Rh5 Bg7 0-1

[Event "EU-ch 14th"]
[Site "Legnica"]
[Date "2013.05.14"]
[Round "9"]
[White "Tomashevsky, Evgeny"]
[Black "Grandelius, Nils"]
[Result "1-0"]
[WhiteElo "2719"]
[BlackElo "2556"]
[Annotator "Ftacnik,L"]
[PlyCount "67"]
[EventDate "2013.05.05"]
[EventType "swiss"]
[EventRounds "11"]
[EventCountry "POL"]
[SourceTitle "CBM 155"]
[Source "ChessBase"]
[SourceDate "2013.07.16"]
[SourceVersion "1"]
[SourceVersionDate "2013.07.16"]
[SourceQuality "1"]

1. d4 Nf6 2. c4 g6 3. Nc3 d5 4. Nf3 Bg7 5. Qb3 dxc4 6. Qxc4 O-O 7. e4 a6 8. Be2
b5 9. Qb3 c5 10. dxc5 Bb7 {In this line Black is trying to compensate for the
sacrificed pawn with immediate pressure against the centre. White is
constrained by the fact that he has not yet managed to castle.} 11. e5 Nfd7 12.
Be3 e6 {with the knight move to d5 Grandelius is conciously avoiding certain
problems , that White could have confronted him with in the event of the
immediate capture by 12...Nxe5.} (12... Nxe5 13. Nxe5 Bxe5 14. O-O (14. Rd1 Qc7
15. Nd5 Bxd5 16. Qxd5 Nc6 17. Bf3 Rac8 18. Qxc6 Qxc6 19. Bxc6 Rxc6 20. Rd2 f5
21. f4 (21. f3 Kf7 22. O-O a5 $11 {1/2 (31) Iotov,V (2581)-Georgiev,K (2637)
Sunny Beach 2009}) 21... Bf6 22. Kf2 Kf7 23. Rhd1 $14 {1-0 (80) Sandipan,C 
(2641)-Maki,V (2409) Plovdiv 2010}) 14... Qc7 15. f4 Bg7 16. a4 bxa4 17. Rxa4
e6 18. Qc2 Bc6 19. Ra2 Qb7 20. Bc4 Rd8 $11 {1/2 (56) Jakovenko,D (2729)
-Sutovsky,E (2700) Sochi 2012}) 13. O-O (13. a4 Qa5 14. O-O b4 15. Na2 Nc6 16.
Rfd1 Ndxe5 17. Ng5 Qc7 18. Rd6 Ne7 19. Nxb4 Nf5 20. Rb6 h6 21. c6 Bc8 $11 {
0-1 (69) Sokolov,I (2625)-Alterman,B (2585) Leeuwarden 1994}) 13... Qc7 14.
Rad1 {The real fight in the game begins only in this phase. There is no reason
to believe that players were ignorant about the recent games from tournament
praxis. White is certainly facing a difficult task in his ambition to obtain
some advantage.} (14. a4 Nxc5 15. Qb4 Nxa4 16. Nxa4 bxa4 17. Bb6 (17. Rfc1 Nc6
18. Qxa4 Rfc8 19. Rc5 Bf8 20. Rc2 Qb8 21. Rac1 Nb4 22. Rxc8 Bxc8 23. Bc5 Nd5
24. Bxf8 Kxf8 25. Qd4 $14 {1/2 (36) Farago,I (2475)-Ftacnik,L (2580) Ljubljana
1998}) 17... Qd7 18. Bc5 Rc8 19. Bd6 Bd5 20. Rxa4 Nc6 21. Qa3 a5 $11 {1/2 (70)
Potkin,V (2642)-Dominguez Perez,L (2725) Havana 2012}) 14... Nxe5 {The
capturing of the e5-pawn is a more logical solution, even though we can fully
understand the urge to eliminate the feature of asymmetry after elimination of
the c-pawn.} (14... Nxc5 15. Qa3 Ncd7 16. Qe7 Rc8 17. Ng5 Nf8 18. Qxc7 Rxc7 19.
f4 h6 20. Nf3 Nc6 21. Nd4 g5 22. Nxc6 Bxc6 23. fxg5 hxg5 24. Bxg5 Bxe5 $11 {
0-1 (91) Onischuk,A (2670)-Dominguez Perez,L (2708) Biel 2008}) 15. Nxe5 Bxe5 (
15... Qxe5 $6 16. a4 Nc6 17. axb5 axb5 18. Bxb5 $16) 16. f4 Bg7 17. a4 $1 {
The undermining of the enemy pawn structure on the queenside is the only hope
in the fight for an advantage. Tomashevsky must quickly exploit the fact, that
Black still needs two moves to finish his development.} bxa4 (17... Nd7 18.
axb5 Nxc5 19. Qc4 Rfc8 20. Qxc5 Qxc5 21. Bxc5 Rxc5 22. Rd7 Bxc3 23. bxc3 Bd5
24. bxa6 Kf8 25. Rc1 $14) 18. Nxa4 Nc6 (18... Nd7 19. Nb6 Rad8 20. Nxd7 Rxd7
21. Rxd7 Qxd7 22. Rd1 Bd5 23. Bf3 $14) 19. Bf3 Rab8 20. Nb6 {The choice of the
piece that will occupy the b6-square was a far from simple task. The queen
move also offered no real chances for an advantage, thus we can consider the
game move to be more natural.} (20. Qb6 Qc8 (20... Qxb6 21. cxb6 Na5 22. Rd7
Bxf3 23. gxf3 Rfd8 24. Rfd1 $16) 21. Rd6 Ne7 22. Bxb7 Rxb7 23. Qxa6 Qc7 24.
Rfd1 Ra7 (24... Nf5 25. Rd7 Qxd7 26. Rxd7 Rxd7 27. Kf2 Bd4 28. Bxd4 Rxd4 29. c6
Ne7 30. Nc5 $14) 25. Qc4 Nf5 26. R6d3 (26. Rd7 Qc6 27. Rxa7 Nxe3 28. Qe2 Nxd1
29. Qxd1 Bxb2 $15) 26... Nxe3 27. Rxe3 Rd8 $11) 20... Rfd8 21. Qa4 {The
Russian player fully understands the necessity to control the vulnerable spot
d4. Remarkably, it was worth a pawn to him.} (21. Rxd8+ Rxd8 22. Nc4 Bd4 $11)
21... Bxb2 22. Rd6 Ne7 (22... Rxd6 $2 23. cxd6 Qxd6 24. Nc4 Qb4 25. Bxc6 Qxa4
26. Bxa4 Bd5 27. Nb6 $16) 23. Nd7 Nf5 $2 {[%mdl 64] Grandelius is one of those
creative grandmasters with sharp tactical vision. The solution of the
situation with the help of a tactical shoot-out is not the best solution, but
the author deserves kudos for the bravery and the long calculation.} (23...
Rbc8 $1 24. Bd4 (24. Bxb7 Qxb7 25. Nb6 Rxd6 26. cxd6 Nf5 27. Nxc8 (27. d7 Rd8
28. Bf2 h5 29. Rb1 Bf6 $11) 27... Nxe3 28. Qc6 Qb4 29. d7 Qd4 30. Qd6 Nxf1+ 31.
Kxf1 Qc4+ 32. Ke1 Bf6 $11) 24... Bxd4+ 25. Qxd4 Bxf3 26. Nf6+ Kf8 27. Nxh7+ Kg8
28. Nf6+ Kf8 29. Rxf3 Nf5 30. Nh7+ Kg8 31. Nf6+ $11) 24. Nxb8 Nxe3 25. Rb1 {
The pre-game favourite was forced to move into high gear; the position on the
board has become full of possibilities. The analyses with the help of the
computer tend to prefer the exchange on the d8-square, but the text is more
natural and promises White an advantage.} (25. Rxd8+ $5 Qxd8 26. c6 Qd3 27. Re1
Bc3 (27... Bc8 28. Kh1 $1 (28. Qe4 Qd2 29. Qb1 Qd4 30. Kh1 Bc3 $11) 28... Bc3
29. Rc1 Qd2 30. Rb1 $16) 28. Qe4 Qxe4 29. Bxe4 Bxc6 30. Rxe3 Bd4 31. Nxc6 Bxe3+
32. Kh1 Bxf4 33. Bd3 $14) 25... Rxb8 (25... Rxd6 26. cxd6 Qxd6 27. Rxb2 Qc5 28.
Nd7 Qc1+ 29. Kf2 Qxb2+ 30. Kxe3 $14) 26. Rxb2 Bxf3 27. Qd4 $1 {The key move in
the combination, the centralised queen is exerting extraordinary pressure
across the whole board.} (27. Rxb8+ Qxb8 28. gxf3 Qb1+ 29. Kf2 Nf5 30. Qd1 Qb2+
31. Qd2 Qa3 32. Rd8+ Kg7 33. Rc8 a5 34. c6 a4 $11) 27... Nd5 $2 {The defender
sadly failed to complete his tactical idea to the logical outcome. Under the
pressure of unpleasant threats he opts for a failed solution. The game was far
from decided in the event of the best move 27...Rc8!} (27... Rc8 $1 28. Qxe3 (
28. gxf3 $2 Nf5 $17) 28... Bd5 29. Rc2 Qb7 30. f5 Qb1+ 31. Qc1 Qxc1+ 32. Rxc1
gxf5 33. Rxa6 $14) 28. Rxb8+ Qxb8 29. gxf3 h5 (29... Qb1+ 30. Kf2 Qa2+ 31. Kg3
Qa5 32. Qe5 $18) 30. Qe5 $1 {The pawn structure on the white side is similar
to pictures of a town after bombardment; but the game will be carried to a
successful conclusion by his centralised pieces.} Qc8 (30... h4 31. Rb6 Qxe5
32. fxe5 Kf8 33. Rxa6 $18) 31. c6 Ne7 (31... a5 32. Rd7 Nb6 33. Qc7 $18) 32.
Qf6 Qc7 (32... Nxc6 33. Qc3 Na7 34. Qxc8+ Nxc8 35. Rd8+ $18) 33. Rd7 Qb6+ {
The real checking of the vulnerable white king was never on the cards, but
Black could not resist a solitary parting "shot" towards it.} 34. Kg2 1-0

[Event "Amsterdam Euwe Memorial"]
[Site "Amsterdam"]
[Date "1995.05.18"]
[Round "6"]
[White "Piket, Jeroen"]
[Black "Kasparov, Garry"]
[Result "1-0"]
[WhiteElo "2670"]
[BlackElo "2805"]
[Annotator "Ftacnik,L"]
[PlyCount "81"]
[EventDate "1995.05.12"]
[EventType "tourn"]
[EventRounds "6"]
[EventCountry "NED"]
[EventCategory "18"]
[SourceTitle "CBM 047"]
[Source "ChessBase"]
[SourceDate "1995.08.01"]
[SourceVersion "1"]
[SourceVersionDate "1995.08.01"]
[SourceQuality "1"]

1. d4 Nf6 2. c4 g6 3. Nc3 d5 4. Nf3 Bg7 5. Qb3 dxc4 6. Qxc4 O-O 7. e4 Na6 8.
Be2 c5 9. d5 e6 10. O-O exd5 11. exd5 Re8 12. Rd1 Bf5 13. d6 h6 (13... Nb4 14.
Ng5 Qd7 15. Qxc5 Rxe2 16. Nxe2 Nc2 17. Rb1 Rc8 18. Qxa7 Nb4 19. Ra1 Nc2 20. Rb1
Nb4 21. Bd2 Bxb1 22. Rxb1 Nc6 23. Qa3 Re8 24. Ng3 {Horvath,C-Yuferov,S/Kobanya
op (10)/1991/1-0 (48)}) (13... Ne4 $6 14. Nb5 (14. d7 Re7 15. Nxe4 Rxe4 16. Bg5
Bf6 17. Bxf6 Qxf6 18. Qc3 Qe7 19. Bd3 Re6 20. Bxf5 gxf5 21. Rd5 Rd8 22. Rad1 b6
23. h4 Qf6 24. Qxf6 {Reilly,T-Jordan,W/AUS-ch Melbourne (04)/1991/1-0 (43)})
14... Bd7 15. a4 $1 Nb4 $2 16. Qb3 $1 Qb6 $6 17. Be3 Bxb5 18. Bxb5 Nc6 19. d7
Red8 20. Qc4 Nf6 21. Bxc5 Qc7 22. Bxc6 bxc6 23. Bd6 Qxd7 24. Ne5 {Piket,
J-Gulko,B/Groningen/1990/1-0 (34)}) 14. Bf4 (14. h3 $6 Nb4 $1 15. Bf4 $1 Nd7
16. Rd2 a6 17. Qb3 b5 18. Qd1 c4 19. a4 $1 Nc5 20. axb5 Nbd3 21. Bxd3 Nxd3 22.
Rxd3 $2 cxd3 $2 23. Nd5 $1 axb5 24. Ne7+ $1 {Karpov,A-Kasparov,G/Sevilla (m/15)
/1987/0.5 (43)}) 14... Nd7 15. Rd2 Nb4 16. Qb3 Be6 17. Bc4 Nb6 18. Bxe6 Rxe6
19. Na4 $5 {Tal} (19. a3 $6 Nd3 $1 20. Bg3 c4 21. Qc2 Rc8 22. Rad1 Qd7 23. h4
f5 24. Rxd3 $8 {Karpov,A-Kasparov,G/Sevilla (m/21)/1987/0.5 (28)}) (19. Bg3 Qd7
20. a3 Nc6 21. Qb5 Rc8 22. Rad1 Bxc3 23. bxc3 Ne5 24. Qxd7 {Rao,V-Kasparov,G/
New York sim/1988/0-1 (51)}) (19. Nb5 Re4 20. Be3 Nc4 21. Bxc5 Nxd2 22. Nxd2
Re2 23. Qxb4 a5 24. Qf4 g5 $17 {Karpov}) 19... Re4 $2 (19... Nxa4 20. Qxa4 Qf6
(20... Nc6 21. Rc1 g5 22. Bg3 Qd7 $13) 21. Bg3 a6 $13) 20. Bg3 (20. Be3 Nc6 $1
(20... Nc4 21. Nxc5 Rg4 (21... Nxd2 22. Bxd2 $18) 22. h3 Nxd2 23. Bxd2 b6 24.
Nb7 Qd7 25. hxg4 Nc6 26. Bc3 $16) (20... Na6 21. Nxc5 Rb4 22. Qd3 Nxc5 23. Bxc5
Rxb2 24. Rxb2 Bxb2 25. Rd1 $14) 21. Nxc5 Rb4 22. Qd3 Nc4 $132) 20... Nc4 (20...
Na6 21. Nxb6 Qxb6 22. Qxb6 axb6 23. d7 $16) 21. Nxc5 Nxd2 22. Nxd2 Re2 (22...
Rd4 23. Nf3 Rg4 (23... Rxd6 $1 24. Bxd6 (24. Nxb7 Rd3 25. Qxb4 (25. Nxd8 Rxb3
26. axb3 Rxd8 $14) 25... Rd1+ 26. Ne1 (26. Rxd1 Qxd1+ 27. Qe1 Qxe1+ 28. Nxe1
Bxb2 $14) 26... Qd5 27. Rxd1 Qxd1 28. Qe4 $16) 24... Qxd6 25. Qxb4 Rc8 26. Qxb7
Rxc5 $132) 24. Ne6 Qb6 25. Nxg7 Rxg3 26. hxg3 Kxg7 27. Ne5 $18) 23. Qxb4 a5 24.
Qxb7 (24. Qf4 g5 25. Qf3 Rxd2 26. Nxb7 Qb6 $13) 24... Rxd2 25. d7 (25. Re1 $5
Rb8 26. Qc7 $16) 25... Rxb2 26. Qd5 Rb5 27. Rd1 Bf8 (27... Ra7 28. Qe4 $1 (28.
h3 $6 Bf8 29. Re1 Rxc5 30. Qxc5 Rxd7 $1) 28... Bf8 (28... Bf6 29. Qe8+ Kg7 30.
Be5 $1 Ra8 31. Bxf6+ Kxf6 32. Ne4+ Kg7 33. Nd6 $18) 29. Qe8 Ra8 30. Ne4 Rf5 31.
Nd6 $18) 28. Bd6 Bxd6 (28... Ra7 29. Bxf8 Kxf8 30. Re1 $18) 29. Qxd6 Rab8 (
29... Ra7 30. g3 (30. Re1 Rxc5 31. Re8+ Kh7 32. Qxc5 Qxd7) 30... Rxc5 31. Qxc5
Rxd7 32. Rxd7 Qxd7 33. Qxa5 $16) (29... Qf8 30. Ne4 $1 Qxd6 (30... Rd8 31. Nf6+
Kg7 32. Qd4 Rf5 33. Ne8+ Kh7 34. g4 Rb5 35. Nf6+ Kg7 36. Re1 $40) 31. Nxd6 Rbb8
32. Rc1 Rd8 33. Rc8 Kg7 34. Rxa8 Rxa8 35. Nc8 Rb8 36. Kf1 Rb1+ 37. Ke2 $18) 30.
h3 Rb1 31. Rxb1 Rxb1+ 32. Kh2 Rb6 (32... Rb8 33. Qe5 {/\ Nb7}) (32... Qb8 33.
Qxb8+ Rxb8 34. Nb7 $18) 33. Qe5 Kf8 (33... Rb8 34. Nb7 $1 Qxd7 35. Qxb8+ $18)
34. Qh8+ Ke7 35. Qe5+ Kf8 36. f4 h5 (36... g5 37. f5 Qb8 38. Qxb8+ Rxb8 39. f6
Rd8 40. Kg3 $18) (36... f6 $5 37. Qd5 Ke7 38. Qe4+ Kf7 $14) 37. Qd5 h4 (37...
Ke7 38. Qg5+ f6 39. Qxg6 $18) (37... a4 38. Nb7 Rxb7 39. Qxb7 Ke7 40. Kg3 Qxd7
41. Qxd7+ Kxd7 42. Kh4 Ke6 43. Kg5 $18) 38. Qe5 (38. Nb7 Rxb7 39. Qxb7 Ke7 40.
Qa7 Qxd7 41. Qxa5 $16) 38... g5 (38... Rc6 39. Qh8+ Ke7 40. Qxh4+ Rf6 41. Ne4
$18) (38... Rb4 39. Qh8+ Ke7 40. Qxh4+ f6 41. Qe1+ Kd6 42. Qxb4 axb4 43. Nb7+
Kxd7 44. Nxd8 Kxd8 45. g4 $18) 39. Qh8+ Ke7 40. Qe5+ Kf8 41. fxg5 (41. fxg5 Rc6
(41... Qb8 42. Qxb8+ Rxb8 43. Nb7 Ke7 44. d8=Q+ Rxd8 45. Nxd8 Kxd8 46. g3 $18)
(41... Rg6 42. Kh1 Rb6 43. g6 Rxg6 44. Qh8+ Ke7 45. Qxh4+ Rf6 46. Ne4 $18) 42.
g3 hxg3+ 43. Kxg3 Rb6 44. h4 $18) 1-0

[Event "Amsterdam m"]
[Site "Amsterdam"]
[Date "1995.09.24"]
[Round "3"]
[White "Piket, Jeroen"]
[Black "Timman, Jan H"]
[Result "1/2-1/2"]
[WhiteElo "2625"]
[BlackElo "2595"]
[Annotator "Ftacnik,L"]
[PlyCount "60"]
[EventDate "1995.09.??"]
[EventType "match"]
[EventRounds "10"]
[EventCountry "NED"]
[SourceTitle "CBM 050"]
[Source "ChessBase"]
[SourceDate "1996.02.01"]
[SourceVersion "1"]
[SourceVersionDate "1996.02.01"]
[SourceQuality "1"]

1. d4 Nf6 2. c4 g6 3. Nc3 d5 4. Nf3 Bg7 5. Qb3 dxc4 6. Qxc4 O-O 7. e4 Na6 8.
Be2 c5 9. d5 e6 10. Bg5 exd5 11. Nxd5 Be6 12. O-O-O Bxd5 13. Rxd5 Qb6 (13...
Qc7 14. Bxf6 Bxf6 15. e5 Bg7 16. Rhd1 $14) 14. Bxf6 Qxf6 15. e5 Qf5 (15... Qe7
16. Rhd1 Rad8 17. Rxd8 $14 (17. a3 $1 $14 {>< a6}) 17... Rxd8 18. Rxd8+ Qxd8
19. e6 $1 Qb6 $1 20. exf7+ Kf8 21. Qc2 $1 Nb4 22. Qb3 Nc6 $1 23. Qxb6 axb6 24.
Bc4 Ne5 $14 {Flear,G-Kortschnoj,V/Lugano/1988/0.5 (41)}) 16. Bd3 Qc8 (16... Qe6
$5 17. Rd6 Qe7 $13) 17. Rd6 {An improvement over the following spectacular
game by Kasparov. Black must play smart to obtain enough counterplay, since
his pieces are bit passive.} (17. Rd1 $2 b5 $1 $17 18. Qh4 Nb4 19. Bxg6 $2 (19.
Rd6 c4 20. Be4 c3 $1 21. a3 $8 c2 22. axb4 cxd1=Q+ 23. Kxd1 Rb8 $17) 19... fxg6
20. Rd7 Qe8 $1 21. Re7 Bh6+ $1 22. Kb1 Rd8 $1 23. Rd6 Qc6 $1 24. a3 Rxd6 25.
exd6 Qxd6 26. axb4 cxb4 27. Qe4 b3 {0-1/Beliavsky,A-Kasparov,G/Belfort/1988/})
17... Nb4 (17... b5 18. Qh4 $1 (18. Qxb5 Nb4 19. Qc4 (19. Bc4 $2 Qf5 $17) 19...
Nxd3+ 20. Rxd3 Rb8 21. a3 Rb6 $44) 18... c4 19. Be4 Nc5 $1 20. Bxa8 Nd3+ 21.
Kb1 Qxa8 22. Rd1 Qc8 (22... Nxe5 23. Nxe5 Bxe5 24. R6d5 $1 $14 (24. Rd8 $2 Qxg2
)) 23. R6xd3 (23. Qd4 $2 Nxe5 $1) 23... cxd3 24. Rxd3 Qf5 $44) 18. Be4 Rb8 (
18... b5 $2 19. Qe2 $1 Rb8 20. a3 $16) 19. Kb1 (19. a3 Nc6 20. Bxc6 bxc6 $13 {
/\} 21. Qxc5 $2 Qg4 $132) 19... b5 20. Qe2 c4 21. a3 (21. Rhd1 Re8 22. a3 Nd3
23. Bxd3 cxd3 24. R1xd3 b4 $132) (21. Rc1 Qg4 $1) 21... Nd3 22. Bxd3 cxd3 23.
Qxd3 b4 {Sacrifice of a P is a minimal prize black can pay for the chances to
create some counterplay.} 24. axb4 (24. a4 b3 25. Rd4 Qc2+ $5 26. Qxc2 bxc2+
27. Kxc2 f6 $132) 24... Rxb4 25. Rc1 Qb8 26. Rc2 Re8 27. Rd2 (27. h3 Rb5 28.
Rd7 (28. Rd5 Rxd5 29. Qxd5 Bxe5 $10) 28... Bxe5 29. Nxe5 Rbxe5 $10) 27... Bh6
28. Rc2 (28. Re2 Bg7) 28... Bg7 29. Rd2 Bh6 30. Rc2 Bg7 1/2-1/2